History of Serbia 🇷🇸 - Statistics

General Stats
  • This quiz has been taken 45 times
  • The average score is 15 of 30
Answer Stats
Hint Answer % Correct
The Serbs converted to this religion in the 7th century AD Christianity
95%
Serbia became part of this empire following the above Ottoman Empire
95%
Serbia became part of this empire in the 2nd century BC Roman Empire
84%
Leader of the above, ruled Yugoslavia from 1945 to 1980 Josip Broz Tito
82%
Region that declared independence in 2008 Kosovo
82%
1389 battle resulting in Serbian defeat and occupation Battle of Kosovo
79%
Country that seceded from Serbia in 2006 Montenegro
79%
Under the above, Yugoslavia embraces this ideology Communism
74%
Politician who oversaw Yugoslavia's breakup and was tried for war crimes Slobodan Milošević
68%
Son of the above, patron saint of Serbia St. Sava
66%
14th century king whose conquests established the Serbian Empire Stefan Dušan
58%
Other son of the above, crowned first King of Serbia in 1217 Stefan the First-Crowned
58%
Son of the above, under whom Serbia weakened Stefan Uroš V
58%
Leader of the First Serbian Uprising, founder of a dynasty Karađorđe
55%
Ruler considered founder of the Serbian state Stefan Nemanja
55%
Neolithic culture near modern-day Belgrade Vinča Culture
55%
Unifier who became proclaimed the Kingdom of Yugoslavia in 1929 Alexander I
45%
First king of newly-independent Serbia, crowned in 1882 Milan Obrenovic I
45%
Treaty that recognized Serbian independence in 1878 Treaty of Berlin
45%
Right-wing resistance movement against the Nazis in Yugoslavia Chetniks
37%
Left-wing resistance movement against the Nazis in Yugoslavia Yugoslav Partisans
37%
1815-1817 uprising after which Serbia achieved autonomy Second Serbian Uprising
34%
Serbia began to expel this people, starting in 1887 Albanians
26%
1594 uprising after which the sacred relics of the patron saint was burned Uprising in Banat
18%
Prime minister who signed the Tripartite Pact, leading to his overthrow Dragiša Cvetković
16%
1684 alliance under Pope Innocent XI against the Turks Holy League
16%
1806 battle in which rebels led by the above defeated their overlords Battle of Mišar
13%
System of forced labor Serbia was subject to under rule of the above Devshirme
11%
Massacre of Serbian noblemen in 1804 by the Dahije Slaughter of the Knezes
5%
1941 operation in which German aircrafts bombed Belgrade Operation Retribution
3%
No matching quizzes found
Score Distribution
Percent of People with Each Score
Percentile by Number Answered
Your Score History
You have not taken this quiz